Fundamentals of human resource.(5th edition). (Record no. 44160)

MARC details
000 -LEADER
fixed length control field 00636nam a2200169 a 4500
008 - FIXED-LENGTH DATA ELEMENTS--GENERAL INFORMATION
fixed length control field 200807s2019 ||||||||||||||||| || u
020 ## - INTERNATIONAL STANDARD BOOK NUMBER
International Standard Book Number 9781292261904
050 ## - LIBRARY OF CONGRESS CALL NUMBER
Classification number HF 5549 Des
100 ## - MAIN ENTRY--PERSONAL NAME
Personal name Dessler, Gary
245 10 - TITLE STATEMENT
Title Fundamentals of human resource.(5th edition).
Statement of responsibility, etc. By Gary Dessler
250 ## - EDITION STATEMENT
Edition statement 5th edition
260 ## - PUBLICATION, DISTRIBUTION, ETC.
Place of publication, distribution, etc. united Kingdom
Name of publisher, distributor, etc. Pearson Education Limited
Date of publication, distribution, etc. 2019
300 ## - PHYSICAL DESCRIPTION
Extent 621 pages : illustrations
350 ## - PRICE (NR) (BK AM CF MU VM SE) [OBSOLETE]
Price 77.68
650 #0 - SUBJECT ADDED ENTRY--TOPICAL TERM
Topical term or geographic name entry element PERSONNEL MANAGEMENT
995 ## - RECOMMENDATION 995 [LOCAL, UNIMARC FRANCE]
-- CBU-MAIN LIBRARY (Kitwe)
-- 77.68
-- 1
-- AVAILABLE
-- Aug 17, 2020
-- Main Library Open Access Collection
Holdings
Withdrawn status Lost status Source of classification or shelving scheme Damaged status Not for loan Home library Current library Shelving location Date acquired Total Checkouts Full call number Barcode Date last seen Price effective from Koha item type
          CBU-MAIN LIBRARY, KITWE. CBU-MAIN LIBRARY, KITWE.   11/30/2022   HF 5549 Des 750256 11/30/2022 11/30/2022 MONOGRAPH